Strategy express / (Record no. 356819)
[ view plain ]
| 000 -LEADER | |
|---|---|
| fixed length control field | 00584nam a2200217Ia 4500 |
| 008 - FIXED-LENGTH DATA ELEMENTS--GENERAL INFORMATION | |
| fixed length control field | 180523s9999 xx 000 0 und d |
| 020 ## - INTERNATIONAL STANDARD BOOK NUMBER | |
| International Standard Book Number | 1-84112-707-8 |
| 050 ## - LIBRARY OF CONGRESS CALL NUMBER | |
| Classification number | MAIN HD 30.28 |
| 050 ## - LIBRARY OF CONGRESS CALL NUMBER | |
| Item number | .M53 2006 |
| 100 ## - MAIN ENTRY--PERSONAL NAME | |
| Personal name | Middleton, John. |
| 245 #0 - TITLE STATEMENT | |
| Title | Strategy express / |
| 245 #0 - TITLE STATEMENT | |
| Statement of responsibility, etc | John Middleton and Bob Gorzynski. |
| 260 ## - PUBLICATION, DISTRIBUTION, ETC. (IMPRINT) | |
| Place of publication, distribution, etc | England : |
| 260 ## - PUBLICATION, DISTRIBUTION, ETC. (IMPRINT) | |
| Name of publisher, distributor, etc | Capstone Publishing, |
| 260 ## - PUBLICATION, DISTRIBUTION, ETC. (IMPRINT) | |
| Date of publication, distribution, etc | 2006 |
| 300 ## - PHYSICAL DESCRIPTION | |
| Extent | 126 pages : |
| 300 ## - PHYSICAL DESCRIPTION | |
| Dimensions | 17 cm. |
| 500 ## - GENERAL NOTE | |
| General note | Includes bibliographical references and index. |
| 650 ## - SUBJECT ADDED ENTRY--TOPICAL TERM | |
| Topical term or geographic name as entry element | Strategic planning. |
| 650 ## - SUBJECT ADDED ENTRY--TOPICAL TERM | |
| General subdivision | Business planning. |
| Withdrawn status | Lost status | Damaged status | Home library | Current library | Shelving location | Date acquired | Cost, normal purchase price | Total Checkouts | Full call number | Barcode | Date last seen | Price effective from | Koha item type |
|---|---|---|---|---|---|---|---|---|---|---|---|---|---|
| South Mansfield College | South Mansfield College | 06/18/2007 | 725.00 | MAIN HD 30.28 .M53 2006 | SMC03584 | 05/23/2018 | 05/23/2018 |